Can you name all PAK ( Perfect All Kill ) in K-charts history? - Statistiques

Statistiques générales
  • Ce quiz a été pris 7 fois
  • Le résultat moyen est 33 sur 115
Statistiques - réponses
an Song Artists % Correct
1/N Team Dynamic Duo
100%
Dynamite BTS
100%
Butter BTS
86%
2021 Celebrity IU
86%
How You Like That BLACKPINK
86%
TOMBOY (G)I-DLE
86%
TT TWICE
86%
WHISTLE BLACKPINK
86%
After Like IVE
71%
CHEER UP TWICE
71%
DDU DU DDU DU BLACKPINK
71%
Ditto New Jeans
71%
2022 INVU Taeyeon
71%
Nxde (G)I-DLE
71%
Savage aespa
71%
2020 Any Song ZICO
57%
2019 Boy With Luv BTS
57%
eight IU (ft. Suga)
57%
Fake Love BTS
57%
GANGNAM STYLE PSY
57%
GENTLEMEN PSY
57%
2018 Love Scenario iKON
57%
Rollin Brave Girls
57%
Rough GFRIEND
57%
STAY The Kid LAROI & Justin Bieber
57%
Very Very Very I.O.I.
57%
I AM THE BEST 2NE1
43%
LILAC IU
43%
LOSER BIGBANG
43%
Some Bolbbalgan4
43%
Yes Or Yes TWICE
43%
Give It To Me SISTAR
29%
instagram DEAN
29%
Miss Korea Lee Hyori
29%
Palette IU
29%
Power Up Red Velvet
29%
SHAKE IT SISTAR
29%
2016 Star Heize
29%
A Little Girl Oh Hyuk
14%
Autumn Morning IU
14%
Bar Code Haon & Vinxen
14%
BBIBBI IU
14%
2012 BLUE BIGBANG
14%
Blueming IU
14%
Can’t Love You Anymore IU
14%
Cherry Blossom Ending Busker Busker
14%
Comfortable One
14%
Don't Cry Park Bom
14%
2016 Don’t Forget Crush
14%
Don’t Give It To Me Loco & Hwasa
14%
Emptiness in Memory NAUL
14%
Flower Road BIGBANG
14%
Forever BewhY
14%
Friday IU
14%
FXXK IT BIGBANG
14%
GONE NOT AROUND ANY LONGER SISTAR19
14%
Good day IU
14%
Good Day pH-1
14%
Having An Affair G-DRAGON Feat Park Bom
14%
How Can I Love The Heartbreak, You're The One I Love AKMU
14%
I Don’t Love You Urban Zakapa
14%
If You Really Love Me Busker Busker
14%
If You're Like Me Kim Yeonwoo
14%
I Got C Park Myungsoo,Primary
14%
2015 I Have To Forget My Love in Sorrow Jung Seonghwan & Park Yoonha
14%
I’ll Go To You Like The First Snow Ailee
14%
I’m not what you knew One, G2, BewhY, DayDay
14%
KNOCK KNOCK TWICE
14%
Leon IU and Park Myungsoo
14%
2014 Let It Go Idina Menzel
14%
LET’S NOT FALL IN LOVE BIGBANG
14%
Like It Yoon Jongshin
14%
Lonely 2NE1
14%
Love, At First Busker Busker
14%
Love Poem IU
14%
Love Story Epik High
14%
Making a new ending for this story Han Dong Geun
14%
Memory Of The Wind NAUL
14%
MISS ME OR DISS ME MC MONG
14%
My old story IU
14%
2010 Nagging IU
14%
Only You Kwak Jinun & Kim Pil & Dohyuk | miss A
14%
Please Kim Bumsoo
14%
Short Hair HuhGak, Jong Eunji
14%
Siren Sunmi
14%
Still Life BIGBANG
14%
2013 Tears Leessang
14%
THAT XX G-DRAGON
14%
The Love That I Committed Lim Changjung
14%
The Red Shoes IU
14%
There’s Never Been a Day I Haven’t Loved You Lim Changjung
14%
The Space Between Soyou, Kwon Soonil, & Park Youngin
14%
2011 The Story Only I Didn't Know IU
14%
This Love Davichi
14%
Through the Night IU
14%
Touch love Yoon Mirae
14%
Travel Bolbbalgan4
14%
Turned off the TV Leessang
14%
Twenty-three IU
14%
Untitled,2014 G-DRAGON
14%
We Are Woo Wonjae
14%
What The Spring?? 10cm
14%
Why So Lonely Wonder Girls
14%
YOU & I IU
14%
You, Clouds, Rain Heize
14%
You’re the Best MAMAMOO
14%
2017 Your Night Kwanghee & Gaeko
14%
Baby Goodbye miss A
0%
Don't Touch Me Refund Sisters
0%
Fame MC MONG
0%
Foolish Love M.O.M
0%
I Give You My Heart IU
0%
Summer Sea Again SSAK3
0%
Workaholic BOL4
0%
Aucun quiz correspondant
Distribution des résultats
% des personnes avec chaque résultat
Percentile par nombre de réponses
Votre historique - résultats
Vous n’avez pas pris ce quiz